|
|
|
|
| LEADER |
00995cam a2200277 7i4500 |
| 001 |
0000034248 |
| 005 |
20170413090000.0 |
| 007 |
##ta |
| 008 |
170413s2017 gw eng |
| 020 |
# |
# |
|a 9783319496030
|
| 040 |
# |
# |
|a MATR
|
| 090 |
0 |
0 |
|a I 658.421
|b IND
|
| 245 |
0 |
0 |
|a Industry 4.0 :
|b Entrepreneurship and Structural Change in the New Digital Landscape
|c edited by Tessaleno Devezas, Joao Leitao, Askar Sarygulov.
|
| 264 |
# |
1 |
|a Cham:
|b Springer International Publishing,
|c 2017.
|
| 300 |
# |
# |
|a viii, 431 pages:
|b illustrations;
|c 24 cm.
|
| 336 |
# |
# |
|a text
|2 rdacontent
|
| 337 |
# |
# |
|a unmediated
|2 rdamedia
|
| 338 |
# |
# |
|a volume
|2 rdacarrier
|
| 650 |
# |
0 |
|a Entrepreneurship
|
| 650 |
# |
0 |
|a Industries --
|x Technological innovations.
|
| 650 |
# |
0 |
|a Industrial organization (Economic theory)
|
| 650 |
# |
0 |
|a Industrial management
|
| 700 |
1 |
# |
|a Devezas, Tessaleno
|
| 700 |
1 |
# |
|a Leitao, Loao
|
| 700 |
1 |
# |
|a Sarygulov, Askar
|
| 999 |
|
|
|a 0000038754
|b Book
|c International
|e Business Information Centre
|